Trendy v podnikání 2022 sborník příspěvků konference, 10.11.-11.11.2022, Plzeň

Saved in:
Bibliographic Details
Corporate Author: Trendy v podnikání 2022. Konference
Format: Book
Language:Czech
English
Published: Plzeň Západočeská univerzita v Plzni 2022
Edition:1. vydání
Subjects:
Tags: Add Tag
No Tags, Be the first to tag this record!

MARC

LEADER 00000nam a2200000 4500
001 0291662
005 20240416114205.3
020 |a 978-80-261-1129-0 
022 |a 1805-0603 
041 0 |a cze 
041 0 |a eng 
044 |a CZ 
245 1 0 |a Trendy v podnikání 2022  |b sborník příspěvků konference, 10.11.-11.11.2022, Plzeň 
250 |a 1. vydání 
264 1 |a Plzeň  |b Západočeská univerzita v Plzni  |c 2022 
300 |a [319 s.] 
610 2 0 |a podnikanie 
610 2 0 |a marketing 
610 2 0 |a manažment 
610 2 0 |a účtovníctvo 
610 2 0 |a dane 
610 2 0 |a rozvoj regionálny 
610 2 0 |a prostredie životné 
110 2 |a Trendy v podnikání 2022. Konference